000 01347nam a22004097a 4500
003 CHAP
005 20230529131235.0
008 100906s2009 it rn 00010 eng d
010 _a99201
011 _a100173
020 _a9789251064542
035 _a110859
040 _cCHAP
082 0 4 _a333.717026
_bF27y v.101
110 2 _aFAO
245 1 0 _aLaw for water management :
_ba guide to concepts and effective approaches
_c/editado por Jessica Vapnek ...[et al.]
260 _aRome :
_bFAO,
_c2009
300 _axviii, 341 p.
490 0 _aFAO. Estudio legislativo
_v; 101
590 _aBATCH-UPD
_b10
_c20130110
_lUCH01
_h1238
590 _aBATCH-UPD
_b10
_c20130410
_lUCH01
_h0805
590 _aBATCH-UPD
_b10
_c20141001
_lUCH01
_h1313
590 _aCONVERSION
_b10
_c20130109
_lUCH01
_h1355
650 1 4 _aAgua dulce.
_92422
650 1 4 _aAgua para irrigacion.
_92430
650 1 4 _aAgua potable.
_92442
650 1 4 _aAgua
_xAbastecimiento.
_92223
650 1 4 _aAgua
_xCalidad.
_92316
650 1 4 _aAgua
_xPurificacion.
_92397
650 1 4 _aAgua
_xUtilización.
_92401
650 1 7 _aConsumidores (personas)
_2
_927419
700 1 _aVapnek, Jessica
_e, ed.
_9117900
830 0 0 _aFAO. Estudio legislativo
_v; 101
_939542
901 _aBK
942 _cLIBRO
949 _a333.717026 F27y v.101
_bBC
_cFAO
_d33724002217149
_eFAO1
_h113371
_i110859
_sb
999 _c99201
_d99201